WandaVision Characters - Statistics

General Stats
  • This quiz has been taken 91 times
  • The average score is 12 of 16
Answer Stats
Hints Answer % Correct
An Empathetic Android Vision
100%
The Scarlet Witch Wanda Maximoff
100%
The Nosy Neighbor Agatha Harkness
97%
Little Girl In Captain Marvel Monica Rambeau
96%
Has Telepathic Powers Billy Maximoff
92%
Has Super Speed Tommy Maximoff
91%
FBI Agent Jimmy Woo
86%
The Villains Puppet Pietro Maximoff
82%
Person Watching The Show Darcy Lewis
77%
The Androids Boss Mr Hart
73%
His Wife Mrs Hart
73%
Corrupt SWORD Director Tyler Hayward
71%
HERB Herb
51%
"Awakened" By The Android Norm
48%
The Witches Dad Oleg Maximoff
31%
And Her Mom Irene Maximoff
4%
No matching quizzes found
Score Distribution
Percent of People with Each Score
Percentile by Number Answered
Your Score History
You have not taken this quiz